MARC

LEADER 00000nam0a2200000 4500
001 198871
005 20231031184111.0
035 |a (RuTPU)RU\TPU\book\216884 
090 |a 198871 
100 |a 20110712d1976 m y0rusy50 ca 
101 0 |a rus 
102 |a UA 
105 |a y j 001zy 
200 1 |a Основы общей методики обучения иностранным языкам  |e теоретический курс  |e учебное пособие для вузов  |f М. Я. Демьяненко, К. А. Лазаренко, С. В. Кислая  |g под ред. М. Я. Демьяненко 
210 |a Киев  |c Вища школа  |d 1976 
215 |a 282 с. 
320 |a Библиогр.: с. 277-280. 
610 1 |a языкознание 
610 1 |a иностранные языки 
610 1 |a методика 
610 1 |a обучение 
610 1 |a преподавание 
610 1 |a речевое общение 
610 1 |a аудирование 
610 1 |a говорение 
610 1 |a чтение 
610 1 |a фонетика 
610 1 |a лексика 
610 1 |a грамматика 
610 1 |a учебные пособия 
686 |a Ш12-9  |v LBC/SL-A  |2 rubbk 
700 1 |a Демьяненко  |b М. Я.  |g Мария Яковлевна 
701 1 |a Лазаренко  |b К. А.  |g Камилла Александровна 
701 1 |a Кислая  |b С. В.  |g Светлана Владимировна 
702 1 |a Демьяненко  |b М. Я.  |4 340 
801 1 |a RU  |b 63413507  |c 20110712 
801 2 |a RU  |b 63413507  |c 20111128  |g RCR 
942 |c BK